000 00768nam a22002657a 4500
001 6624
003 FISKH
005 20250516105652.0
008 250516b cb ||||| |||| 00| 0 eng d
020 _a027506820123
040 _aFISKH
_beng
_cFISKH
_dFISKH
050 _aPZ7
082 _a491
100 _aAnonymous
245 _aJasmine :
_bStar bright /
260 _aNew York :
_bAdvance Publicer,
_c2009.
300 _a26 unnumbered pages :
_bcolor illustrations ;
_c23 cm
505 _aK
520 _aA sparkling violet star leads Jasmine, Aladdin, and Abu to a faraway kingdom that has fallen into despair.
521 8 _a510
_bLexile
521 8 _aK
_bRaz-Plus
650 _aFolker
_vJusmine
942 _2ddc
_cBK
_n0
999 _c6624
_d6624